[Event "WLS-ch"]
[Site "Caerphilly"]
[Date "1994.04.??"]
[Round "?"]
[White "Sheehan, Anthony"]
[Black "Dyce, Andrew N"]
[Result "1/2-1/2"]
[WhiteElo "2010"]
[BlackElo "1960"]
[PlyCount "66"]
[EventDate "1994.04.01"]
[EventType "swiss"]
[EventRounds "6"]
[EventCountry "WLS"]
[SourceTitle "BritBase"]
[Source "John Saunders"]
[SourceDate "2024.03.28"]
[SourceVersion "1"]
[SourceVersionDate "2024.03.28"]
[SourceQuality "1"]

1. e4 c5 2. d3 Nc6 3. f4 g6 4. c3 Bg7 5. Be3 d6 6. Be2 e6 7. Bf3 Nge7 8. g4 Qb6
9. Qc2 d5 10. Nd2 d4 11. Bf2 dxc3 12. bxc3 Nb4 13. cxb4 Bxa1 14. Bxc5 Qc7 15.
Qb1 Bg7 16. e5 Nd5 17. Ne2 b6 18. Bd6 Qd7 19. O-O Bb7 20. Rc1 Rc8 21. Rxc8+
Qxc8 22. Ne4 Qd7 23. g5 Ne3 24. Kf2 Nf5 25. N2g3 h5 26. Nxf5 exf5 27. Nd2 Bxf3
28. Kxf3 Bf8 29. Nc4 b5 30. Bxf8 Qd5+ 31. Ke3 Rxf8 32. Nd6+ Ke7 33. Qb2 a6
1/2-1/2

[Event "WLS-ch"]
[Site "Caerphilly"]
[Date "1994.04.??"]
[Round "?"]
[White "Sheehan, Anthony"]
[Black "Morris, Gareth"]
[Result "1-0"]
[WhiteElo "2010"]
[BlackElo "2020"]
[PlyCount "93"]
[EventDate "1994.04.01"]
[EventType "swiss"]
[EventRounds "6"]
[EventCountry "WLS"]
[SourceTitle "BritBase"]
[Source "John Saunders"]
[SourceDate "2024.03.28"]
[SourceVersion "1"]
[SourceVersionDate "2024.03.28"]
[SourceQuality "1"]

1. e4 c5 2. d3 g6 3. f4 Bg7 4. Be2 Nc6 5. c3 d5 6. exd5 Qxd5 7. Bf3 Qd6 8. Na3
a6 9. Nc4 Qc7 10. Ne2 b5 11. Ne5 Bb7 12. Nxc6 Bxc6 13. O-O e6 14. Ng3 Bxf3 15.
Rxf3 Ne7 16. Qe2 O-O 17. Ne4 Nf5 18. g4 Nd6 19. Rh3 Nxe4 20. dxe4 f5 21. gxf5
exf5 22. e5 Rae8 23. Be3 Rf7 24. Rd1 Bf8 25. Bc1 c4 26. Be3 g5 27. Rg3 Rg7 28.
Qh5 gxf4 29. Bxf4 Bc5+ 30. Kg2 Qc6+ 31. Qf3 Rxg3+ 32. hxg3 Qxf3+ 33. Kxf3 Kf7
34. Rh1 Kg7 35. Rh5 Be7 36. Rxf5 Kg6 37. g4 Rd8 38. Rh5 Rd3+ 39. Ke4 a5 40.
Rh6+ Kg7 41. Rc6 Rd1 42. Rc7 Kf8 43. Bh6+ Kf7 44. Bg5 Rf1 45. Kd5 Rd1+ 46. Kc6
Ke6 47. Rxe7# 1-0

[Event "WLS-ch"]
[Site "Caerphilly"]
[Date "1994.04.??"]
[Round "?"]
[White "Smith, Jeff R"]
[Black "Williams, Leighton"]
[Result "1-0"]
[WhiteElo "2175"]
[BlackElo "1915"]
[PlyCount "97"]
[EventDate "1994.04.01"]
[EventType "swiss"]
[EventRounds "6"]
[EventCountry "WLS"]
[SourceTitle "BritBase"]
[Source "John Saunders"]
[SourceDate "2024.03.28"]
[SourceVersion "1"]
[SourceVersionDate "2024.03.28"]
[SourceQuality "1"]

1. e4 c5 2. Nc3 e6 3. g3 d5 4. exd5 exd5 5. d4 Be6 6. Nge2 Nc6 7. Bg2 cxd4 8.
Nxd4 Bb4 9. O-O Nf6 10. Nce2 O-O 11. c3 Bc5 12. Nxe6 fxe6 13. Nf4 Qd7 14. Bh3
Rae8 15. Re1 Nd8 16. Be3 Bxe3 17. Rxe3 Qc6 18. Qd4 Qd6 19. Rae1 e5 20. Rxe5 Nc6
21. Be6+ Kh8 22. Ng6+ hxg6 23. Qh4+ Nh7 24. Bg8 Kxg8 25. Rxe8 Rxe8 26. Rxe8+
Nf8 27. Kg2 d4 28. cxd4 Nxd4 29. Qe4 Qc6 30. f3 Qxe4 31. fxe4 Nc6 32. Rc8 Nb4
33. a3 Nd3 34. b4 b5 35. Ra8 Ne5 36. Rxa7 Nh7 37. Rb7 Nc4 38. Rxb5 Nxa3 39. Rc5
Nf6 40. Kf3 Kf7 41. Ke3 Nd7 42. Rc7 Ke7 43. Kf4 Nb5 44. Rc6 Kf7 45. e5 Nd4 46.
Rd6 Ne6+ 47. Ke4 Nb8 48. Kd5 Ng5 49. b5 1-0

[Event "WLS-ch"]
[Site "Caerphilly"]
[Date "1994.04.??"]
[Round "?"]
[White "Smith, Jeff R"]
[Black "Downey, Keith AB"]
[Result "1-0"]
[WhiteElo "2175"]
[BlackElo "1980"]
[PlyCount "56"]
[EventDate "1994.04.01"]
[EventType "swiss"]
[EventRounds "6"]
[EventCountry "WLS"]
[SourceTitle "BritBase"]
[Source "John Saunders"]
[SourceDate "2024.03.28"]
[SourceVersion "1"]
[SourceVersionDate "2024.03.28"]
[SourceQuality "1"]

1. e4 c5 2. Nc3 Nc6 3. g3 g6 4. Bg2 Bg7 5. d3 d6 6. Be3 Rb8 7. f4 Nd4 8. Qd2 b5
9. Nd1 e5 10. c3 Ne6 11. Ne2 Bb7 12. O-O Nf6 13. Nf2 O-O 14. f5 Nc7 15. g4 Nd7
16. g5 d5 17. f6 d4 18. fxg7 Re8 19. cxd4 cxd4 20. Nxd4 exd4 21. Bxd4 Ne6 22.
Bxa7 Ra8 23. Ng4 Nxg5 24. Bd4 h5 25. Nh6+ Kh7 26. Nxf7 Nxf7 27. Rxf7 Re7 28.
Raf1 Bc6 1-0

[Event "WLS-ch"]
[Site "Caerphilly"]
[Date "1994.04.??"]
[Round "?"]
[White "Smith, NJ"]
[Black "Richmond, Peter Allan"]
[Result "0-1"]
[WhiteElo "1905"]
[BlackElo "2225"]
[PlyCount "64"]
[EventDate "1994.04.01"]
[EventType "swiss"]
[EventRounds "6"]
[EventCountry "WLS"]
[SourceTitle "BritBase"]
[Source "John Saunders"]
[SourceDate "2024.03.28"]
[SourceVersion "1"]
[SourceVersionDate "2024.03.28"]
[SourceQuality "1"]

1. d4 Nf6 2. c4 g6 3. Nc3 Bg7 4. Nf3 O-O 5. g3 c5 6. d5 d6 7. Bg2 Na6 8. O-O
Nc7 9. Nd2 b5 10. cxb5 a6 11. bxa6 Bxa6 12. Re1 Nd7 13. Qc2 Qb8 14. b3 Nb5 15.
Nxb5 Bxa1 16. Nc3 Bxc3 17. Qxc3 Qb4 18. Qc2 c4 19. Qe4 Qc3 20. Qxe7 cxb3 21.
axb3 Bb5 22. Nf3 Rae8 23. Bd2 Rxe7 24. Bxc3 Rxe2 25. Ra1 Rc2 26. Bb4 Rfc8 27.
Bd2 Ne5 28. Bf4 Nd3 29. Nd4 Nxf4 30. gxf4 Rc1+ 31. Bf1 Bxf1 32. Rxc1 Rxc1 0-1

[Event "WLS-ch"]
[Site "Caerphilly"]
[Date "1994.04.??"]
[Round "?"]
[White "Summers, Charles B"]
[Black "Smith, Jeff R"]
[Result "1-0"]
[WhiteElo "1930"]
[BlackElo "2175"]
[PlyCount "57"]
[EventDate "1994.04.01"]
[EventType "swiss"]
[EventRounds "6"]
[EventCountry "WLS"]
[SourceTitle "BritBase"]
[Source "John Saunders"]
[SourceDate "2024.03.28"]
[SourceVersion "1"]
[SourceVersionDate "2024.03.28"]
[SourceQuality "1"]

1. d4 d5 2. Nc3 Nf6 3. e4 dxe4 4. f3 exf3 5. Nxf3 e6 6. Bg5 Be7 7. Bc4 O-O 8.
O-O Nbd7 9. Qe1 c5 10. dxc5 Bxc5+ 11. Kh1 a6 12. Qh4 Be7 13. Bd3 Re8 14. Rad1
h6 15. Bxh6 gxh6 16. Qxh6 Bf8 17. Qh4 Bg7 18. Ng5 Qe7 19. Bh7+ Kf8 20. Nce4 Ne5
21. Nxf7 Nxf7 22. Nxf6 e5 23. Bg6 Be6 24. Nd7+ Bxd7 25. Rxf7+ Qxf7 26. Bxf7 Re7
27. Bg6 Be6 28. Rf1+ Bf7 29. Qh5 1-0

[Event "WLS-ch"]
[Site "Caerphilly"]
[Date "1994.04.??"]
[Round "?"]
[White "Summers, Charles B"]
[Black "Morris, Charles F"]
[Result "0-1"]
[WhiteElo "1930"]
[BlackElo "2235"]
[PlyCount "46"]
[EventDate "1994.04.01"]
[EventType "swiss"]
[EventRounds "6"]
[EventCountry "WLS"]
[SourceTitle "BritBase"]
[Source "John Saunders"]
[SourceDate "2024.03.28"]
[SourceVersion "1"]
[SourceVersionDate "2024.03.28"]
[SourceQuality "1"]

1. e4 e6 2. d4 d5 3. Nc3 Bb4 4. e5 c5 5. a3 Bxc3+ 6. bxc3 Qa5 7. Bd2 cxd4 8.
cxd4 Qa4 9. Nf3 Nc6 10. Bc3 b6 11. Bd3 Ba6 12. O-O Nge7 13. Bb4 Rc8 14. Qe2
Bxd3 15. Qxd3 h5 16. Rfc1 Nf5 17. Qb3 Qa6 18. Bc3 g5 19. Qb2 g4 20. Nd2 h4 21.
a4 g3 22. Nf3 Qe2 23. Be1 gxh2+ 0-1

[Event "WLS-ch"]
[Site "Caerphilly"]
[Date "1994.04.??"]
[Round "?"]
[White "Summers, Charles B"]
[Black "Fish, Andrew"]
[Result "1/2-1/2"]
[WhiteElo "1930"]
[BlackElo "2070"]
[PlyCount "38"]
[EventDate "1994.04.01"]
[EventType "swiss"]
[EventRounds "6"]
[EventCountry "WLS"]
[SourceTitle "BritBase"]
[Source "John Saunders"]
[SourceDate "2024.03.28"]
[SourceVersion "1"]
[SourceVersionDate "2024.03.28"]
[SourceQuality "1"]

1. e4 e6 2. d4 d5 3. Nc3 Bb4 4. Nge2 dxe4 5. a3 Bxc3+ 6. Nxc3 Nc6 7. Bb5 Nf6 8.
Bg5 h6 9. Bxf6 Qxf6 10. Nxe4 Qg6 11. Qf3 O-O 12. c3 e5 13. Bxc6 Qxc6 14. O-O
exd4 15. cxd4 Qb6 16. Qc3 Bf5 17. Nc5 Rad8 18. Rac1 c6 19. Rfe1 Rfe8 1/2-1/2

[Event "WLS-ch"]
[Site "Caerphilly"]
[Date "1994.04.??"]
[Round "?"]
[White "Trevelyan, Clive"]
[Black "Fish, Andrew"]
[Result "1-0"]
[WhiteElo "2045"]
[BlackElo "2070"]
[PlyCount "81"]
[EventDate "1994.04.01"]
[EventType "swiss"]
[EventRounds "6"]
[EventCountry "WLS"]
[SourceTitle "BritBase"]
[Source "John Saunders"]
[SourceDate "2024.03.28"]
[SourceVersion "1"]
[SourceVersionDate "2024.03.28"]
[SourceQuality "1"]

1. b4 d5 2. Bb2 Nf6 3. e3 Bf5 4. Nf3 e6 5. b5 Be7 6. Be2 O-O 7. Nh4 Bg6 8. Nxg6
fxg6 9. O-O Nbd7 10. c4 c5 11. d3 Qc7 12. Nd2 Rad8 13. g3 Rfe8 14. Qc2 Qb6 15.
a4 Qc7 16. f4 Bd6 17. e4 e5 18. f5 gxf5 19. cxd5 f4 20. Kg2 h6 21. h3 Kh7 22.
Bg4 Nxg4 23. hxg4 Nf6 24. gxf4 Nxg4 25. Kf3 Nh2+ 26. Kg2 Nxf1 27. Rxf1 exf4 28.
Nf3 b6 29. e5 Bf8 30. d6 Bxd6 31. exd6 Qxd6 32. d4+ Qg6+ 33. Ng5+ hxg5 34. Rh1+
Kg8 35. Qxg6 Re2+ 36. Kf3 Re3+ 37. Kg4 Rg3+ 38. Kf5 Rf8+ 39. Ke4 Re3+ 40. Kd5
Rd8+ 41. Kc4 1-0

[Event "WLS-ch"]
[Site "Caerphilly"]
[Date "1994.04.??"]
[Round "?"]
[White "Trevelyan, Clive"]
[Black "Cooper, John Grantley"]
[Result "0-1"]
[WhiteElo "2045"]
[BlackElo "2380"]
[PlyCount "66"]
[EventDate "1994.04.01"]
[EventType "swiss"]
[EventRounds "6"]
[EventCountry "WLS"]
[SourceTitle "BritBase"]
[Source "John Saunders"]
[SourceDate "2024.03.28"]
[SourceVersion "1"]
[SourceVersionDate "2024.03.28"]
[SourceQuality "1"]

1. b4 e5 2. Bb2 d6 3. e4 Nf6 4. Qe2 Be7 5. Nf3 O-O 6. g3 d5 7. a3 dxe4 8. Nxe5
a5 9. Bg2 axb4 10. axb4 Rxa1 11. Bxa1 Bxb4 12. Bxe4 Nxe4 13. Qxe4 Qe7 14. Qe3
Bf5 15. Kd1 Qe6 16. Nc3 Nc6 17. Nd3 Qc4 18. Nxb4 Qxb4 19. d3 Rd8 20. Re1 h6 21.
Kd2 Nd4 22. Rb1 Qa5 23. Qe7 Ne6 24. Qb4 Qa7 25. Nd1 b6 26. Ne3 Bg6 27. Bc3 Qa8
28. Ke2 Ng5 29. Qg4 f6 30. Qc4+ Kh7 31. Re1 Qf3+ 32. Kf1 Nh3 33. Nd1 Rxd3 0-1

[Event "WLS-ch"]
[Site "Caerphilly"]
[Date "1994.04.??"]
[Round "?"]
[White "Williams, Arthur Howard"]
[Black "Fish, Andrew"]
[Result "1-0"]
[WhiteElo "2365"]
[BlackElo "2070"]
[PlyCount "59"]
[EventDate "1994.04.01"]
[EventType "swiss"]
[EventRounds "6"]
[EventCountry "WLS"]
[SourceTitle "BritBase"]
[Source "John Saunders"]
[SourceDate "2024.03.28"]
[SourceVersion "1"]
[SourceVersionDate "2024.03.28"]
[SourceQuality "1"]

1. d4 Nf6 2. c4 g6 3. Nc3 Bg7 4. e4 d6 5. Nf3 O-O 6. Be2 e5 7. d5 a5 8. Bg5 h6
9. Bh4 Na6 10. Nd2 Qd7 11. a3 h5 12. b4 Ng4 13. c5 dxc5 14. b5 Nb8 15. b6 c6
16. O-O f5 17. Bc4 Kh7 18. Nf3 Bf6 19. Bxf6 Rxf6 20. h3 Nh6 21. Nxe5 Qe7 22.
Nf3 fxe4 23. Nxe4 cxd5 24. Nxf6+ Qxf6 25. Qxd5 Qxb6 26. Rfe1 Qf6 27. Rad1 Nc6
28. Ng5+ Kg7 29. Re8 Rb8 30. Rg8+ 1-0

[Event "WLS-ch"]
[Site "Caerphilly"]
[Date "1994.04.??"]
[Round "?"]
[White "Williams, Arthur Howard"]
[Black "Evans, David K"]
[Result "1/2-1/2"]
[WhiteElo "2335"]
[BlackElo "2050"]
[PlyCount "29"]
[EventDate "1994.04.01"]
[EventType "swiss"]
[EventRounds "6"]
[EventCountry "WLS"]
[SourceTitle "BritBase"]
[Source "John Saunders"]
[SourceDate "2024.03.28"]
[SourceVersion "1"]
[SourceVersionDate "2024.03.28"]
[SourceQuality "1"]

1. d4 Nf6 2. c4 d6 3. Nf3 Nbd7 4. Nc3 e5 5. Bg5 Be7 6. e3 c6 7. Qc2 O-O 8. Bd3
h6 9. Bh4 Re8 10. O-O Qc7 11. Rad1 a6 12. b4 exd4 13. exd4 Nb6 14. Rde1 Bg4 15.
Nd2 1/2-1/2

[Event "WLS-ch"]
[Site "Caerphilly"]
[Date "1994.04.??"]
[Round "4"]
[White "Williams, Arthur Howard"]
[Black "Cooper, John Grantley"]
[Result "1/2-1/2"]
[WhiteElo "2335"]
[BlackElo "2375"]
[PlyCount "47"]
[EventDate "1994.04.01"]
[EventType "swiss"]
[EventRounds "6"]
[EventCountry "WLS"]
[SourceTitle "BritBase"]
[Source "John Saunders"]
[SourceDate "2024.03.28"]
[SourceVersion "1"]
[SourceVersionDate "2024.03.28"]
[SourceQuality "1"]

1. d4 Nf6 2. c4 g6 3. Nc3 Bg7 4. Nf3 O-O 5. Bg5 d6 6. e3 c6 7. Be2 a6 8. Nd2 b5
9. O-O Ra7 10. Rc1 Rb7 11. b3 Qa5 12. Bh4 Bf5 13. Bf3 e5 14. b4 Qb6 15. d5 e4
16. Ndxe4 Nxe4 17. Nxe4 Bxe4 18. Bxe4 c5 19. bxc5 Qxc5 20. cxb5 Qb4 21. f3 axb5
22. Qb3 Qa5 23. Rfd1 Na6 24. Rc6 1/2-1/2

[Event "WLS-ch"]
[Site "Caerphilly"]
[Date "1994.04.??"]
[Round "?"]
[White "Williams, Leighton"]
[Black "Williams, Arthur Howard"]
[Result "0-1"]
[WhiteElo "1915"]
[BlackElo "2365"]
[PlyCount "68"]
[EventDate "1994.04.01"]
[EventType "swiss"]
[EventRounds "6"]
[EventCountry "WLS"]
[SourceTitle "BritBase"]
[Source "John Saunders"]
[SourceDate "2024.03.28"]
[SourceVersion "1"]
[SourceVersionDate "2024.03.28"]
[SourceQuality "1"]

1. d4 Nf6 2. c4 e6 3. Nc3 Bb4 4. Nf3 O-O 5. Bg5 h6 6. Bh4 b6 7. e3 Bxc3+ 8.
bxc3 Bb7 9. Bd3 d6 10. O-O Nbd7 11. Re1 Qe8 12. Nd2 e5 13. e4 g6 14. f3 Nh5 15.
Nf1 Nf4 16. Ne3 f6 17. Bf1 Kh7 18. Qd2 Qf7 19. Bg3 Ne6 20. Nd5 Rae8 21. f4 c6
22. f5 Ng5 23. Nb4 gxf5 24. exf5 Rg8 25. Nc2 c5 26. d5 e4 27. Be2 Ne5 28. Bxe5
Rxe5 29. Ne3 Nf3+ 30. Bxf3 exf3 31. g3 Qh5 32. Qf2 Rge8 33. g4 Qg5 34. h4 Qf4
0-1

[Event "WLS-ch"]
[Site "Caerphilly"]
[Date "1994.04.??"]
[Round "?"]
[White "Williams, Leighton"]
[Black "Morris, Charles F"]
[Result "1-0"]
[WhiteElo "1915"]
[BlackElo "2235"]
[PlyCount "87"]
[EventDate "1994.04.01"]
[EventType "swiss"]
[EventRounds "6"]
[EventCountry "WLS"]
[SourceTitle "BritBase"]
[Source "John Saunders"]
[SourceDate "2024.03.28"]
[SourceVersion "1"]
[SourceVersionDate "2024.03.28"]
[SourceQuality "1"]

1. d4 Nf6 2. c4 g6 3. Nc3 Bg7 4. e4 d6 5. Be2 O-O 6. Nf3 e5 7. O-O Nc6 8. d5
Ne7 9. Ne1 Nd7 10. Be3 f5 11. f3 f4 12. Bf2 g5 13. Nb5 b6 14. b4 Nf6 15. c5 g4
16. cxd6 cxd6 17. Rc1 g3 18. hxg3 fxg3 19. Bxg3 Nh5 20. Bh2 Bh6 21. f4 Nxf4 22.
Rc3 a6 23. Nc7 Ra7 24. Bxf4 Bxf4 25. Ne6 Bxe6 26. dxe6 b5 27. g3 Bh6 28. Rxf8+
Bxf8 29. Nf3 d5 30. exd5 Nxd5 31. Rc6 Rg7 32. Kh2 e4 33. e7 Rxe7 34. Nd4 Rf7
35. Bh5 Rf2+ 36. Kh3 Nf6 37. Bg4 Qe7 38. Nf5 Qf7 39. Nh6+ Bxh6 40. Be6 e3 41.
Bxf7+ Kxf7 42. Qb3+ Kg6 43. Qg8+ Bg7 44. Qe8+ 1-0

[Event "WLS-ch"]
[Site "Caerphilly"]
[Date "1994.04.??"]
[Round "?"]
[White "Williams, Leighton"]
[Black "Jones, Andrew R"]
[Result "0-1"]
[WhiteElo "1915"]
[BlackElo "2295"]
[PlyCount "84"]
[EventDate "1994.04.01"]
[EventType "swiss"]
[EventRounds "6"]
[EventCountry "WLS"]
[SourceTitle "BritBase"]
[Source "John Saunders"]
[SourceDate "2024.03.28"]
[SourceVersion "1"]
[SourceVersionDate "2024.03.28"]
[SourceQuality "1"]

1. d4 f5 2. c4 Nf6 3. Nc3 g6 4. e3 Bg7 5. Bd3 d6 6. Nge2 e5 7. b3 e4 8. Bc2 c6
9. Bb2 d5 10. Ba3 Na6 11. cxd5 Nxd5 12. Nxd5 Qa5+ 13. Ndc3 Qxa3 14. O-O O-O 15.
f3 exf3 16. Rxf3 Nb4 17. Rc1 Nxc2 18. Rxc2 Be6 19. Rg3 Qe7 20. Na4 Rad8 21. Qd2
Rfe8 22. Nc5 Bf7 23. Nd3 h6 24. Qc3 Rd6 25. Nf2 g5 26. e4 fxe4 27. Re3 Qd7 28.
Rd2 Bg6 29. Qa5 Bxd4 30. Nxd4 Rxd4 31. Rde2 b6 32. Qe1 Qf5 33. g4 Qd5 34. Kg2
Rf8 35. Qc1 Kg7 36. h3 c5 37. Qb2 Kh7 38. Kh1 b5 39. Qb1 Re8 40. Qf1 a5 41. Rc2
c4 42. bxc4 bxc4 0-1